Sadhana: el sentido de la vida

Furkejuvvon:
Bibliográfalaš dieđut
Váldodahkki: Tagore, Rabindranath (Dahkki)
Materiálatiipa: Girji
Giella:espánnjágiella
Almmustuhtton: Buenos Aires Kier 1945
Fáttát:
Fáddágilkorat: Lasit fáddágilkoriid
Eai fáddágilkorat, Lasit vuosttaš fáddágilkora!

MARC

LEADER 00000nam a2200000 a 4500
001 UCX7797
003 CL-VaPUC
008 940104e19450000AG |||||||||||||||||spa|d
082 0 4 |a 181  |b TAG  |2 21 
100 0 |a Tagore, Rabindranath  |e author  |9 324703 
245 1 0 |a Sadhana: el sentido de la vida 
300 |a 185 p 
942 |c BK 
945 |d 19940104 00:00:00  |a aalvarez 
260 |a Buenos Aires  |b Kier  |c 1945 
650 0 |a Filosofía oriental  |9 319113 
583 |a last modification  |c 19940104 00:00:00  |k Rodrigo Vera 
999 |c 227500  |d 227498 
952 |0 0  |1 0  |4 0  |6 181_000000000000000_TAG_1945  |7 0  |8 X  |9 226579  |a BIBHIS  |b BIBHIS  |d 2019-11-15  |i 2949326  |o 181 TAG 1945  |p 2949326  |r 2024-01-30  |w 2019-11-15  |y BK_X  |k HIS